Trend Top 2005

Výročné ceny Trendu. Nefinančné podniky. Podniky v regiónoch. Odvetvia. Finančné podniky. Verejný sektor.

Enregistré dans:
Détails bibliographiques
Format: Chapitre de livre
Langue:slovaque
Sujets:
Tags: Ajouter un tag
Pas de tags, Soyez le premier à ajouter un tag!

MARC

LEADER 00000naa$a2200000$$$4500
001 0035948
005 20231009082228.5
041 0 |a slo 
044 |a SK 
245 1 0 |a Trend Top 2005 
520 |a Výročné ceny Trendu. Nefinančné podniky. Podniky v regiónoch. Odvetvia. Finančné podniky. Verejný sektor. 
610 2 0 |a ceny 
610 2 0 |a firmy 
610 2 0 |a regióny 
610 2 0 |a odvetvia činnosti ekonomickej 
610 2 0 |a ústavy finančné 
610 2 0 |a sektor verejný